000 00779 a2200241 4500
999 _c3639
_d3639
020 _a0415069262
020 _a0415069270 (pbk.)
050 0 0 _aPN4756 BEL 1992
100 _aBelsey, Andrew
_eeditor
245 0 0 _aEthical issues in journalism and the media /
_cedited by Andrew Belsey and Ruth Chadwick.
264 _aNew York :
_bRoutledge,
_c1992
300 _axiii, 179 p. :
440 0 _aProfessional ethics
500 _aincludes index.
504 _aIncludes bibliographical references.
650 0 _aJournalistic ethics.
650 0 _aJournalism
_xPhilosophy.
650 0 _aJournalism
_xObjectivity.
650 0 _aPrivacy, Right of.
650 0 _aMass media
_xMoral and ethical aspects.
700 1 _aChadwick, Ruth F.
_eeditor
942 _2lcc
_cBK
_h4756
_iBEL
_kPN